| 000 | 01308nam a22002537a 4500 | ||
|---|---|---|---|
| 999 |
_c39571 _d39571 |
||
| 005 | 20251125232932.0 | ||
| 008 | s2547 th tha d | ||
| 040 | _aNALT | ||
| 041 | _atha | ||
| 090 |
_aKE150.1 _bว872ร 2547 |
||
| 245 | 1 | 0 | _aรวมกฎหมายที่เกี่ยวข้องกับการปกครอง |
| 260 | 3 |
_aกรุงเทพฯ : _bสำนักกฎหมาย สำนักงานเลขาธิการวุฒิสภา, _c2547 |
|
| 300 |
_a88 หน้า : _bตาราง ; _c 27 ซม. |
||
| 650 | 0 | 4 | _aกฎหมายปกครอง |
| 650 | 0 | 4 | _aข้อมูลข่าวสารของราชการ (พ.ร.บ.) -- 2540 |
| 650 | 0 | 4 | _aความรับผิดทางละเมิดของเจ้าหน้าที่ (พ.ร.บ.) -- 2539 |
| 650 | 0 | 4 | _aวิธีปฏิบัติราชการทางปกครอง (พ.ร.บ.) -- 2539 |
| 650 | 0 | 4 | _aวิธีพิจารณาคดีปกครอง (พ.ร.บ.) -- 2542 |
| 650 | 0 | 4 | _aศาลปกครอง -- การจัดตั้ง (พ.ร.บ.) -- 2542 |
| 850 | _aNALT | ||
| 856 | 4 | 0 | _uhttps://hdl.handle.net/20.500.14156/460578 |
| 942 |
_cLB _2lcc |
||